000
00272 a2200109 4500
003
Nust
005
20170207154225.0
040
_c
Nust
082
_a
371.33
245
_a
I Know What You Did Last Summer (VHS-166)
440
_a
I Know What You Did Last Summer (VHS-166)
538
_a
Duration in Minutes-95
999
_c
195534
_d
195534